Avignon - Statistiques

Statistiques générales
  • Ce quiz a été pris 547 fois
  • Le résultat moyen est 7 sur 10
Statistiques - réponses
Indice Réponse % Correct
Fleuve qui traverse la ville le Rhône
96%
Département Vaucluse
96%
Monument célèbre pour la comptine où l'on y danse tous en rond Pont d'Avignon
94%
Région PACA
93%
Évènement qui a lieu chaque année en Juillet Festival d'Avignon
86%
Résidence pontificale qui fut pendant le xive siècle le siège de la chrétienté d'Occident Palais des papes
74%
Objets présent 3 fois sur le blason de la ville Clés
55%
Surnom de la ville Cité des papes
51%
Tennisman français né en Avignon Benoît Paire
42%
Chanteuse de variété française ayant chanté devant Vladimir Poutine et née en Avignon Mireille Mathieu
42%
Aucun quiz correspondant
Distribution des résultats
% des personnes avec chaque résultat
Percentile par nombre de réponses
Votre historique - résultats
Vous n’avez pas pris ce quiz